| 000 | 01086ngm a22003850a 4500 | ||
|---|---|---|---|
| 001 | PT43745 | ||
| 003 | AR-LpoUNG | ||
| 005 | 20210201232342.0 | ||
| 007 | co ||u|||uuuuu | ||
| 008 | 191001s2011||||ec |||||||||||||||||spa d | ||
| 040 |
_aAR-LpoUNG _bspa _cAR-LpoUNG _eaacr |
||
| 041 | _aspa | ||
| 044 | _aec | ||
| 082 | 0 | _a334.01 364deb | |
| 100 | 1 |
_aWeber, Gabriela _ecoor. |
|
| 245 | 1 | 0 |
_aDebates sobre la cooperación y modelos de desarrollo : _bperspectivas desde la sociedad civil en el Ecuador |
| 260 |
_aQuito : _bCentro de Investigaciones CIUDAD, _c2011. |
||
| 505 | 0 | _aAcompaƱa al impreso | |
| 650 | 4 | _aCRECIMIENTO ECONOMICO | |
| 650 | 4 | _aECONOMIA | |
| 650 | 4 | _aECONOMIA DEL DESARROLLO | |
| 650 | 4 | _aECUADOR | |
| 650 | 4 | _aESTUDIOS ECONOMICOS | |
| 650 | 4 | _aMOVIMIENTOS SOCIALES | |
| 650 | 4 | _aORGANIZACIONES NO GUBERNAMENTALES | |
| 650 | 4 | _aPARTICIPACION SOCIAL | |
| 650 | 4 | _aPOBLACION | |
| 650 | 4 | _aSOCIEDAD | |
| 651 | 4 | _aEcuador | |
| 653 | _aECONOMIA SOCIAL | ||
| 653 | _aECONOMIA SOLIDARIA | ||
| 653 | _aMAES | ||
| 905 | _a43745 | ||
| 942 | _cCDDVD | ||
| 999 |
_c53452 _d53452 |
||